000 00782nam2a2200205 4500
001 RU\NLR\PER_A\003202532_001420
005 20250623222934.0
035 _a(NLR Aleph) 012184290
090 _a12287665
_c12287665
100 _a20200123d2019 |||y0rusy50 ca
101 0 _arus
102 _aRU
200 0 _a2019, № 8 (72)
210 _d2019
_aБ. м.
461 0 _1001RU\NLR\Per\964597
_12001#$aШкольная библиотека: сегодня и завтра$v2019, № 8 (72)
_93463090
_cп. Некрасовский, Московская область
_d2013 -
_nБиблиомир
_tШкольная библиотека: сегодня и завтра
_x2308-8273
_v2019, № 8 (72)
852 _aNLR
_jБ П573
942 _cISSUE
980 _aNB
980 _aRUSPER